000 01118cam a2200337 i 4500
999 _c6751
_d6751
001 345902
003 GZU
005 20210429093750.0
008 761013s1977 mau b 001 0 eng
010 _a 76040838
020 _a0521214734 (v. 1)
020 _a0521291658 (v. 1 : pbk.)
020 _a0521215609 (v. 2)
020 _a0521291860 (v. 2 : pbk.)
040 _aDLC
_cDLC
_dDLC
050 0 0 _aP325
_b.L96
082 0 0 _a410
100 1 _aLyons, John,
_d1932-
245 1 0 _aSemantics /
_cJohn Lyons.
260 _aCambridge ;
_aNew York :
_bCambridge University Press,
_c1977.
300 _a2 v. (xiii, 897 p.) ;
_c24 cm.
500 _aIncludes indexes.
504 _aBibliography: v. 1, p. [336]-356; v. 2, p. [850]-879.
650 0 _aSemantics.
650 0 _aSemiotics.
650 0 _aGrammar, Comparative and general.
856 4 2 _3Publisher description
_uhttp://www.loc.gov/catdir/description/cam022/76040838.html
856 4 1 _3Table of contents
_uhttp://www.loc.gov/catdir/toc/cam022/76040838.html
906 _a7
_bcbc
_corignew
_d1
_eocip
_f19
_gy-gencatlg
942 _2lcc
_cBK
_h325
_iLYO
_kPL
_m1977